[Event "Barcelona Amateurs-B 03"]
[Site "Barcelona"]
[Date "2021.03.15"]
[Round "1"]
[White "Montero Domenech, Felix"]
[Black "Costa Trave, Jaume"]
[Result "1/2-1/2"]
[WhiteElo "1739"]
[BlackElo "1643"]
[PlyCount "34"]
[EventDate "2021.03.15"]
[EventType "tourn"]
[EventRounds "9"]
[EventCountry "ESP"]
[SourceTitle "CBM 201 Extra"]
[Source "ChessBase"]
[SourceDate "2021.05.31"]
[SourceVersion "1"]
[SourceVersionDate "2021.05.31"]
[SourceQuality "1"]

1. Nf3 e6 2. c4 c6 3. Nc3 d5 4. d4 dxc4 5. e4 b5 6. Bf4 Bd6 7. e5 Be7 8. a4 Bb7 9. Be2 Bb4 10. 0-0 Ne7 11. Bg5 h6 12. Bh4 Qd7 13. Bxe7 Qxe7 14. Ne4 Nd7 15. Qc2 Nb6 16. b3 cxb3 17. Qxb3 Nd5 1/2-1/2

[Event "Barcelona Gotic op 1st"]
[Site "Barcelona"]
[Date "2017.05.16"]
[Round "4"]
[White "Montero Domenech, Felix"]
[Black "Molano Lafuente, Ismael"]
[Result "1-0"]
[WhiteElo "1758"]
[BlackElo "1945"]
[PlyCount "83"]
[EventDate "2017.04.25"]
[EventType "swiss"]
[EventRounds "9"]
[EventCountry "ESP"]
[SourceTitle "EXT 2018"]
[Source "ChessBase"]
[SourceDate "2017.10.13"]
[SourceVersion "1"]
[SourceVersionDate "2017.10.13"]
[SourceQuality "1"]

1. Nf3 d6 2. c4 Nc6 3. Nc3 e5 4. d3 Nf6 5. g3 h6 6. Bg2 Be6 7. 0-0 Qd7 8. Re1 Be7 9. e4 Bh3 10. Bh1 Nh7 11. Nd5 Bd8 12. d4 0-0 13. dxe5 dxe5 14. Bd2 h5 15. Bc3 Qe6 16. Qc2 h4 17. Rad1 Bg4 18. Rd2 Kh8 19. b4 Bxf3 20. Bxf3 Ng5 21. Qd1 Nh3+ 22. Kg2 Ng5 23. Bg4 Qh6 24. b5 Nd4 25. Bxd4 exd4 26. Rxd4 c5 27. bxc6 bxc6 28. Ne3 Ba5 29. Nf5 h3+ 30. Kh1 Qf6 31. e5 Qg6 32. Ne7 Qh7 33. Bf5 g6 34. Rh4 Bxe1 35. Rxh7+ Nxh7 36. Bxh3 Bxf2 37. e6 Rad8 38. Qc2 Bd4 39. Nxc6 fxe6 40. Nxd8 Rxd8 41. Qxg6 Bc5 42. Bxe6 1-0

[Event "Barcelona Tardor op 2nd"]
[Site "Barcelona"]
[Date "2014.10.06"]
[Round "1"]
[White "Torras Lemos, Marc"]
[Black "Montero Domenech, Felix"]
[Result "0-1"]
[WhiteElo "1762"]
[BlackElo "1926"]
[PlyCount "30"]
[EventDate "2014.10.06"]
[EventType "swiss"]
[EventRounds "8"]
[EventCountry "ESP"]
[SourceTitle "EXT 2016"]
[Source "ChessBase"]
[SourceDate "2015.10.08"]
[SourceVersion "1"]
[SourceVersionDate "2015.10.08"]
[SourceQuality "1"]

1. d4 g6 2. Nf3 d6 3. Bf4 Bg7 4. e3 c5 5. c3 cxd4 6. cxd4 Nf6 7. Nbd2 0-0 8. Bd3 Nc6 9. a3 e5 10. dxe5 dxe5 11. Nxe5 Nxe5 12. Bb5 Nd3+ 13. Bxd3 Qxd3 14. Nf3 Qxd1+ 15. Rxd1 Bg4 0-1

[Event "Barcelona Tres Peons op-B 15th"]
[Site "Barcelona"]
[Date "2013.03.08"]
[Round "9"]
[White "Aparicio Escudero, Hector F"]
[Black "Montero Domenech, Felix"]
[Result "1-0"]
[WhiteElo "1715"]
[BlackElo "1652"]
[PlyCount "75"]
[EventDate "2013.01.11"]
[EventType "swiss"]
[EventRounds "9"]
[EventCountry "ESP"]
[SourceTitle "EXT 2014"]
[Source "ChessBase"]
[SourceDate "2013.11.20"]
[SourceVersion "1"]
[SourceVersionDate "2013.11.20"]
[SourceQuality "1"]

1. Nf3 Nf6 2. g3 g6 3. Bg2 Bg7 4. 0-0 0-0 5. c4 c5 6. Nc3 Nc6 7. e3 d6 8. d4 a6 9. d5 Nb8 10. Qc2 Nbd7 11. Bd2 Rb8 12. a4 Nb6 13. b3 e6 14. a5 Na8 15. e4 exd5 16. exd5 Bf5 17. Qc1 Ne4 18. Ra2 Nxd2 19. Qxd2 Re8 20. Nh4 Bd7 21. Ne4 Qc7 22. Qf4 Be5 23. Nf6+ Bxf6 24. Qxf6 Re5 25. Nf3 Rf5 26. Qc3 Re8 27. Re1 Rxe1+ 28. Qxe1 Qd8 29. Re2 Nc7 30. Re7 Ne8 31. Bh3 Rxf3 32. Rxd7 Qf6 33. Qxe8+ Kg7 34. Qe1 Rxb3 35. Be6 Kh6 36. Qd2+ Kh5 37. Qd1+ Rf3 38. Rxf7 1-0